A history of water: Being an Account of a Murder, an Epic and Two Visions of Global History.

I tiakina i:
Ngā taipitopito rārangi puna kōrero
Kaituhi matua: Wilson-Lee, Edward (Author)
Hōputu: Tē mōhiotia
I whakaputaina: London, Great Britain, United Kingdom: William Collins, 2023.
Ngā marau:
Ngā Tūtohu: Tāpirihia he Tūtohu
Kāore He Tūtohu, Me noho koe te mea tuatahi ki te tūtohu i tēnei pūkete!

MARC

LEADER 00000 a2200000 4500
003 CL-VaPUC
005 20241024104728.0
008 241015t2023 ||||| |||| 00| 0 eng d
999 |c 445122  |d 445120 
020 |a 978-0-00-835825-9 
040 |c Pontificia Universidad Católica de Valparaíso 
082 |a 923.9 WIL 2023  |2 22 
100 |a Wilson-Lee, Edward   |9 892276  |e author 
245 1 2 |a A history of water:  |b Being an Account of a Murder, an Epic and Two Visions of Global History. 
260 |a London, Great Britain, United Kingdom:  |b William Collins,  |c 2023. 
300 |a 344 páginas. 
583 |k Gabriela Rodríguez Cuevas  |c 20241015 
600 0 |9 892303  |a Góis, Damião de  |d 1502-1574  |e Historiador  |x Biografía y memorias de viaje  |z Portugal 
600 0 |9 382919  |a Camoens, Luís de  |d 1524-1580  |e Escritor y poeta  |x Biografía y memorias de viaje  |z Portugal 
650 0 |9 266189  |a Descubrimientos y exploraciones  |x Biografías históricas  |x Renacimiento  |y Siglo 16  |z Portugal 
942 |2 ddc  |c BK 
952 |0 0  |1 0  |2 ddc  |4 0  |6 923_900000000000000_WIL_2023  |7 0  |8 A  |9 597349  |a BIBHIS  |b BIBHIS  |d 2024-10-14  |e 201  |g 13482.00  |i 5663031  |l 2  |o 923.9 WIL 2023  |p 5663031  |r 2025-01-30  |s 2025-01-30  |t 1  |v 13482.00  |w 2024-10-14  |y BK  |k HIS